Logo BPK

Biblioteka

Politechniki Koszalińskiej

Fiziko-chimiceskaja mechanika i liofil'nost' dispersnych sistem. (Rekord nr 21080)

Szczegóły MARC
000 -ETYKIETA REKORDU
podpole kontrolne o stałej długości 00395nam a2200157 i 4500
001 - NUMER KONTROLNY REKORDU
pole kontrolne bg
040 ## - ŹRÓDŁO KATALOGOWANIA
Instytucja, która utworzyła rekord BPK
041 ## - KOD JĘZYKA
Kod języka tekstu pol
080 ## - UNIWERSALNA KLASYFIKACJA DZIESIĘTNA - UKD
UKD 541.18
008 - POLE O STAŁEJ DŁUGOŚCI - DANE KONTROLNE
podpole kontrolne o stałej długości s pl f |000 0 pol
245 #0 - TYTUŁ/ODPOWIEDZIALNOŚĆ
Tytuł Fiziko-chimiceskaja mechanika i liofil'nost' dispersnych sistem.
250 ## - STREFA WYDANIA
Oznaczenie wydania Vyp. 14.
260 ## - STREFA ADRESU WYDAWNICZEGO
Miejsce wydania Kiev :
Nazwa wydawcy/dystrybutora "Naukova Dumka",
Data publikacji, dystrybucji/powstania dokumentu 1982.
300 ## - STREFA OPISU FIZYCZNEGO
Objętość s. 88 :
Inne cechy fizyczne rys., tab.
942 ## - DODATKOWE ELEMENTY (KOHA)
Typ dokumentu Książka
Egzemplarze
Wycofany Status egzemplarza Uszkodzony Dostępność Lokalizacja stała Lokalizacja bieżąca Miejsce przechowywania Sygnatura Kod kreskowy Typ dokumentu Numer ubytku
      Dostępny Biblioteka Politechniki Koszalińskiej Biblioteka Politechniki Koszalińskiej Wypożyczalnia BG 29578 01603910 Książka  
  Egz. niedostępny   Niedostępny Biblioteka Politechniki Koszalińskiej Biblioteka Politechniki Koszalińskiej   29577 01603927 Książka 12300
© 2023 Biblioteka Politechniki Koszalińskiej :: KOHA